| Tag |
First Indicator |
Second Indicator |
Subfields |
| LEADER |
00000cam a2200000 4500 |
| 001 |
in00000068975 |
| 005 |
20151008050855.0 |
| 008 |
800502r1941 enk b 00010 eng |
| 010 |
|
|
|a 41018928
|
| 035 |
|
|
|a (OCoLC)06275827
|
| 035 |
|
|
|9 AAG3959AM
|
| 040 |
|
|
|a DLC
|c TXA
|d UtOrBLW
|
| 049 |
|
|
|a TXAM
|c [218754]
|
| 050 |
|
0 |
|a DA47.1
|b .G3
|
| 082 |
0 |
|
|a 327.420944
|
| 092 |
|
|
|a 327.42
|b G283b
|
| 100 |
1 |
|
|a Gavin, Catherine Irvine.
|
| 245 |
1 |
0 |
|a Britain and France ;
|b a study of twentieth century relations, the Entente cordiale /
|c by Catherine Gavin.
|
| 264 |
|
1 |
|a London :
|b J. Cape,
|c [1941]
|
| 300 |
|
|
|a 303 pages ;
|c 21 cm.
|
| 336 |
|
|
|a text
|b txt
|2 rdacontent
|
| 337 |
|
|
|a unmediated
|b n
|2 rdamedia
|
| 338 |
|
|
|a volume
|b nc
|2 rdacarrier
|
| 500 |
|
|
|a "First published 1941."
|
| 504 |
|
|
|a Bibliography: pages [293]-297.
|
| 651 |
|
0 |
|a Great Britain
|x Foreign relations
|z France.
|
| 651 |
|
0 |
|a France
|x Foreign relations
|z Great Britain.
|
| 999 |
|
|
|a MARS
|
| 999 |
f |
f |
|s cc44674b-3c23-360d-b46d-6ae217dc3d5c
|i e519ee49-15aa-3429-b53a-12b5d1d136e6
|t 0
|
| 952 |
f |
f |
|p ric
|a Texas A&M University
|b Rellis Campus
|c Joint Library Facility
|d Remote Storage
|t 0
|e DA47.1 .G3
|h Library of Congress classification
|i unmediated -- volume
|m A14800674482
|
| 998 |
f |
f |
|a DA47.1 .G3
|t 0
|l Remote Storage
|